František List

Bibliographic Details
Main Author: Hromník, Cyril A., 1942- (Author)
Format: Book
Language:Slovak
PhysicalDescription:42 s. fotogr. 21 cm
Published: Martin Matica slovenská 2012
ISBN:9788081280290
Subjects:

MARC

LEADER 00000nam a2200000 a 4500
001 vtls010341968
003 SK-MaSNL
005 20260425223151.0
008 240315s2012 xo o f 000 0bslo
015 |a SNBA2012/08-04358 
020 |a 9788081280290  |q (brož.) 
035 |a FBD952B2-E28E-457D-BB9E-F7692EA1AF45 
035 |a urn:nbn:sk:snk-amjjug 
035 |a urn:nbn:sk:snk-am000xmi 
040 |a SNK  |b slo  |c SNK  |e AACR2 
041 0 |a slo  |b eng 
043 |a e-xo---  |a e-gx---  |a e-hu--- 
044 |a xo  |c SK 
072 7 |a 78.07  |x Hudobníci, skladatelia a iné hudobné povolania  |2 konspekt 
080 |a 78.071.1  |2 2001 
080 |a (439+430+437.6)  |2 2001 
080 |a (092)  |2 2001 
100 1 |a Hromník, Cyril A.,  |d 1942-  |4 aut  |9 16787 
245 1 0 |a František List  |c Cyril A. Hromník 
260 |a Martin  |b Matica slovenská  |c 2012 
300 |a 42 s.  |b fotogr.  |c 21 cm 
500 |a Pozn. 
504 |a Bibliogr. odkazy. 
546 |a Res. angl. 
600 1 7 |a Liszt, Franz,  |d 1811-1886  |2 SNKMA  |9 116780 
650 0 7 |a hudobní skladatelia  |2 SNKPH  |9 3188 
650 0 7 |a Composers  |2 SNKPHeng  |9 278300 
651 7 |a Maďarsko  |2 SNKPH  |9 16754 
651 7 |a Nemecko  |2 SNKPH  |9 21020 
651 7 |a Slovensko  |2 SNKPH  |9 14231 
651 7 |a Hungary  |2 SNKPHeng  |9 265263 
651 7 |a Germany  |2 SNKPHeng  |9 268047 
651 7 |a Slovakia  |2 SNKPheng  |9 92630 
655 7 |a biografie  |2 SNKPH  |9 27965 
655 7 |a Biography  |2 SNKPHeng  |9 266314 
852 |a Štátna vedecká knižnica v Banskej Bystrici 
919 |a 978-80-8128-029-0 
958 |a NB 
958 |a BC 
968 |d 78 
999 |c 578385  |d 580315 
952 |a SNK  |b SNK  |y PREZ  |7 0  |p 17A0877800  |o snkSC 148349  |i snk2012/4116  |8 0  |0 0  |1 0  |4 0  |d 2012-02-15  |l 0  |r 2025-07-17 00:00:00  |w 2026-02-23 
952 |a SNK  |b SNK  |y VYP  |7 0  |p 17A0877801  |o snkSC 148349 D1  |i snk2012/4117  |8 0  |0 0  |1 0  |4 0  |d 2012-02-15  |f 1  |l 0  |r 2026-02-23 14:40:49  |w 2026-02-23